000
00293 a2200145 4500
001
171331
020
_a
040
_c
Magnum
100
_a
Lago, Samuel Ramos
240
1
0
_a
Ciencias/3 serie
_l
por
245
1
0
_a
Ciencias/3 serie
362
0
_a
1899
697
_a
PARADIDATICOS
942
_c
BK
999
_c
171331
_d
171331